|
|
|
|
| LEADER |
02073nam a2200421 a 4500 |
| 001 |
000402335 |
| 003 |
CZ BrMZK |
| 005 |
20170321071035.0 |
| 007 |
ta |
| 008 |
010907s1999 xr e p cze d |
| 015 |
|
|
|a cnb000657106
|
| 020 |
|
|
|a 80-213-0486-3
|
| 020 |
|
|
|a 978-80-213-0486-4
|q (dotisk :
|q brož.)
|
| 040 |
|
|
|a BOA001
|b cze
|
| 072 |
|
7 |
|a 311
|x Statistika
|2 Konspekt
|9 4
|
| 072 |
|
7 |
|a 37.016
|x Učební osnovy. Vyučovací předměty. Učebnice
|2 Konspekt
|9 22
|
| 080 |
|
|
|a 311
|2 MRF
|
| 080 |
|
|
|a (075.8)
|2 MRF
|
| 100 |
1 |
|
|a Prášilová, Marie,
|d 1955-
|7 ola2004231538
|4 aut
|
| 245 |
1 |
0 |
|a Cvičení ze statistiky.
|n 2 /
|c Marie Prášilová, Rudolf Zeipelt
|
| 250 |
|
|
|a Vyd. 1.
|
| 260 |
|
|
|a Praha :
|b Česká zemědělská univerzita,
|c 1999
|
| 300 |
|
|
|a 115 s. ;
|c 29 cm
|
| 500 |
|
|
|a Určeno pro posl. oboru PaE. - Bibliogr.
|
| 650 |
0 |
7 |
|a statistika
|7 ph116273
|x úlohy
|2 czenas
|
| 655 |
|
7 |
|a učebnice vysokých škol
|7 fd133772
|2 czenas
|
| 700 |
1 |
|
|a Zeipelt, Rudolf
|7 jx20040726060
|4 aut
|
| 710 |
2 |
|
|a Česká zemědělská univerzita v Praze.
|b Provozně ekonomická fakulta
|7 kn20010725055
|
| 910 |
|
|
|a BOA001
|b 4-1025.534,2
|
| 990 |
|
|
|a BK
|
| 996 |
7 |
|
|b 2610088512
|c 4-1025.534,2
|l MZK
|r Sklad / do 1 hodiny
|n 21
|p p.v.
|w 000402335
|u 000010
|a 1
|e BOA001
|j MZK50
|s A
|
| 996 |
7 |
|
|b 2610185442
|c 4-1025.534,2
|l MZK
|r Sklad / do 1 hodiny
|n 3
|p p.v.
|w 000402335
|u 000020
|a 1
|e BOA001
|j MZK50
|s A
|
| 996 |
7 |
|
|b 2610378718
|c 4-1025.534,2
|l MZK
|r Sklad / do 1 hodiny
|n 0
|p p.v.
|w 000402335
|u 000030
|a 1
|e BOA001
|j MZK50
|s A
|
| 996 |
7 |
|
|b 2610432956
|c 4-1025.534,2
|l MZK
|r Sklad / do 1 hodiny
|n 0
|p p.v.
|w 000402335
|u 000040
|a 1
|e BOA001
|j MZK50
|s A
|
| 996 |
7 |
|
|b 2610503786
|c 4-1025.534,2
|l MZK
|r Sklad / do 1 hodiny
|n 0
|p p.v.
|w 000402335
|u 000050
|a 1
|e BOA001
|j MZK50
|s A
|
| 996 |
7 |
|
|b 2610579689
|c 4-1025.534,2
|l MZK
|r Sklad / do 1 hodiny
|n 0
|p p.v.
|w 000402335
|u 000060
|a 1
|e BOA001
|j MZK50
|s A
|
| 996 |
7 |
|
|b 2610650152
|c 4-1025.534,2
|l MZK
|r Sklad / do 1 hodiny
|n 0
|p p.v.
|w 000402335
|u 000070
|a 1
|e BOA001
|j MZK50
|s A
|
| 996 |
7 |
|
|b 2610701530
|c 4-1025.534,2
|l MZK
|r Sklad / do 1 hodiny
|n 0
|p p.v.
|w 000402335
|u 000080
|a 1
|e BOA001
|j MZK50
|s A
|